Państwa produkujące najwięcej cytryny - Statystyki

Ogólne statystyki
  • Ten quiz został rozwiązany 43 razy
  • Średni wynik to 14 z 20
Statystyki odpowiedzi
Produkcja cytryny w tonach Państwo % Poprawnych
812 840 Stany Zjednoczone
97%
1 481 322 Brazylia
94%
2 524 315 Chiny
94%
3 148 000 Indie
92%
378 992 Włochy
92%
1 989 400 Argentyna
89%
2 547 834 Meksyk
89%
1 087 232 Hiszpania
86%
166 372 Kolumbia
81%
1 100 000 Turcja
78%
353 111 Egipt
75%
474 149 Republika PołudniowejAfryki
75%
474 149 Iran
69%
151 083 Chile
67%
270 663 Peru
67%
120 177 Tajlandia
64%
283 351 Sudan
33%
161 900 Syria
33%
316 260 Sri Lanka
31%
124 626 Gwatemala
28%
Nie znaleziono quizów pasujących do podanych kryteriów
Rozkład punktacji
Procent ludzi z każdym wynikiem
Percentyl według liczby udzielonych odpowiedzi
Twoja historia wyników
Nie rozwiązałeś tego quizu